000
00340nam a22001577a 4500
003
SGT
020
_a
9788175347601
082
_a
346.730954,MEH
100
_a
MEHTA,RUPA
245
_a
CREDIT CARDS A LEGAL GUIDE
250
_a
2ND
260
_a
NEW DELHI
_b
UNIVERSL LAW
_c
2009
300
_a
306
650
_a
PRIVATE LAW
942
_2
ddc
_c
BK
999
_c
10972
_d
10972